Les peuples aryens d'Asie et d'Europe (Record no. 130255)

MARC details
000 -LEADER
campo de control de longitud fija 00742nam a2200205 i 4500
001 - NÚMERO DE CONTROL
campo de control 130255
003 - IDENTIFICADOR DE NÚMERO DE CONTROL
campo de control ES-MaACL
005 - FECHA Y HORA DE LA ÚLTIMA TRANSACCIÓN
campo de control 20230906193702.0
007 - CAMPO FIJO DE DESCRIPCIÓN FÍSICA--INFORMACIÓN GENERAL
campo de control de longitud fija t|
008 - DATOS DE LONGITUD FIJA--INFORMACIÓN GENERAL
campo de control de longitud fija 070724s1908 fr |||| | fre d
100 1# - ENTRADA PRINCIPAL--NOMBRE DE PERSONA
Nombre de persona Zaborowski-Moindron, Sigismond.
9 (RLIN) 150012
245 14 - MENCIÓN DEL TÍTULO
Título Les peuples aryens d'Asie et d'Europe
Resto del título : leurs origines en Europe, la civilisation protoaryenne /
Mención de responsabilidad, etc. par S. Zaborowski.
260 ## - PUBLICACIÓN, DISTRIBUCIÓN, ETC.
Lugar de publicación, distribución, etc. Paris :
Nombre del editor, distribuidor, etc. [A. Taffin-Lefort],
Fecha de publicación, distribución, etc. 1908.
300 ## - DESCRIPCIÓN FÍSICA
Extensión XX, 439 p. ;
Dimensiones 18 cm.
490 1# - MENCIÓN DE SERIE
Mención de serie Encyclopédie scientifique. Bibliotheque d'anthropologie
651 #4 - PUNTO DE ACCESO ADICIONAL DE MATERIA--NOMBRE GEOGRÁFICO
Nombre geográfico Europa-
Subdivisión general Civilización.
9 (RLIN) 8584
830 0# - PUNTO DE ACCESO ADICIONAL DE SERIE-TÍTULO UNIFORME
Título uniforme Encyclopédie scientifique. Bibliotheque d'anthropologie
9 (RLIN) 186809
852 ## - LOCALIZACIÓN
Ubicación ES-MaACL
Número de control de estantería D-4410
Holdings
Estatus retirado Estado de pérdida Estado de daño No para préstamo Biblioteca de origen Biblioteca actual Ubicación en estantería Fecha de adquisición Fuente de adquisición Total de préstamos Signatura topográfica completa Código de barras Visto por última vez Precio de reemplazo Tipo de ítem Koha
        Biblioteca del Ateneo de Madrid Biblioteca del Ateneo de Madrid Sala Valle Inclán 17/01/2008     D-4410 901135625 23/02/2023 23/02/2023 Libro impreso